[Event "Johannesburg Redpath op"]
[Site "Johannesburg"]
[Date "2016.07.15"]
[Round "5"]
[White "Jurgens, John C"]
[Black "Menyuku, Boitumelo Oscar"]
[Result "0-1"]
[WhiteElo "1714"]
[BlackElo "1785"]
[PlyCount "34"]
[EventDate "2016.07.13"]
[EventType "swiss"]
[EventRounds "9"]
[EventCountry "RSA"]
[SourceTitle "CBM 173 Extra"]
[Source "ChessBase"]
[SourceDate "2016.08.29"]
[SourceVersion "1"]
[SourceVersionDate "2016.08.29"]
[SourceQuality "1"]

1. c4 Nf6 2. Nc3 e5 3. g3 d5 4. cxd5 Nxd5 5. Bg2 c6 6. e3 Be7 7. Nge2 0-0 8. 0-0 Be6 9. e4 Nb4 10. d4 exd4 11. Qxd4 Qa5 12. Rb1 Nxa2 13. Be3 Rd8 14. Qa4 Qxa4 15. Nxa4 Na6 16. Nd4 Bc4 17. Rfc1 Nxc1 0-1